00672nam a2200181Ia 4500008004000000020001800040082001700058100002000075245006600095250000500161260004400166300001200210650005500222690001900277906001000296999001900306952016500325210210b2000 xxu||||| |||| 00| 0 eng d a81 7515 324 5 a378.002 DODB aDODGE (Howard). aBaron's how to prepare for the SAT II: match level IIC. Ed 6. a aNew Delhi.bGalgotia Publishers.,c2000 axii,289 aSAT II Match level IIC SAT SAT: match level IIC  aHigher Educati aSG035 c114360d114360 001040708EducationaALbALcEducationd2021-02-17eHigginbothams (P) Ltd., Mangalore-01.g0.00l0o378.002 DODBpSG03577r2021-02-17 00:00:00w2021-02-17ySG